000 00678nam a2200205Ia 4500
001 9083
003 GE_BSU
008 181216s||||||||xx |||||||||||||| ||und||
040 _cGE_BSU
080 _a821.353.1–1
100 _aლებანიძე,მურმან
245 _aლექსები.რჩეული
245 _cრედ.ვ.ჯავახაძე,მხატვ.თ.სამსონაძე
260 _aთბილისი
260 _bსაბჭოთა საქართველო
260 _c1967
300 _a251გვ.1ფ.პორტრ.13სმ.
653 _aლექსები.რჩეული
942 _cBK
999 _c42387
_d42387